Statistics for Modern Day Countries of the Portuguese Empire on a Map

Click here to take the quiz!

General Stats

  • This quiz has been taken 38,242 times
    (36,675 since last reset)
  • The average score is 10 of 12

Answers on the Map

Answers color-coded by a green-red scale on the quiz's map according to % correct below.
 

Answer Stats

Country% Correct
Brazil
100%
Portugal
96%
Uruguay
92%
Mozambique
89%
Cape Verde
87%
Angola
86%
São Tomé and Príncipe
82%
China (Macau)
76%
East Timor
69%
India
65%
Malawi
64%
Guinea-Bissau
60%

Score Distribution

Percentile by Number Answered

Percent of People with Each Score

Your Score History

You have not taken this quiz since the last reset